00522 a2200133 4500003000500000005001700005040000900022082001300031100001300044245004900057260004200106300001200148505022800160Nust20221206111051.0 cNust a530, MOO aH. Moore aA textbook of intermediate physicsc Moore,H aLondonbMethuen and company ltdc1923 ax: 826p aPart.1- Properties of Mater (Page-17) ,Part.2- Heat (Page-161), Part.3- Sound (Page-303), Part.4- Light (Page-371), Part.5- Magnetism (Page-499), Part.6-Static Electricity (Page-561), Part.7-Current Electricity (Page-623).